000 00397nam a2200181Ia 4500
001 10329
005 20260306161824.0
008 260306t1985||||xx |||||||||||||| ||spa||
041 _aESP
082 _a920.02
_bC68
100 _aClark, Ronald W.
_eAUT
245 0 _aFreud
260 _c1985
300 _a323 páginas :
_ccm.
650 _aGEN
654 _aCHU
942 _cLIB
_dJUS
_fJUS
_2ddc
_n
999 _c10329
_d10329